Repeal sections of the May 26, 1936 act pertaining to the Virgin Islands : report (to accompany S. 1829).

Bibliographic Details
Corporate Author: United States. Congress. Senate. Committee on Energy and Natural Resources
Format: Government Document Book
Language:English
Published: [Washington, D.C.] : [U.S. G.P.O.], [2006]
Series:Report / 109th Congress, 2d session, Senate ; 109-236
Subjects:
Online Access:Text version
PDF version

MARC

Tag First Indicator Second Indicator Subfields
LEADER 00000cam a2200000 a 4500
001 in00002209713
005 20220106092504.0
008 060714s2006 dcu f000 0 eng c
035 |a (OCoLC)ocm70317438 
040 |a GPO  |c GPO  |d MvI  |d UtOrBLW 
042 |a pcc 
043 |a nwvi--- 
049 |a UDOC 
049 |a WWW 
050 1 4 |a KF31  |b .E55 2006k 
074 |a 1008-C 
074 |a 1008-C (online) 
074 |a 1008-D (MF) 
074 |a 1008-D (online) 
086 0 |a Y 1.1/5:109-236 
110 1 |a United States.  |b Congress.  |b Senate.  |b Committee on Energy and Natural Resources. 
245 1 0 |a Repeal sections of the May 26, 1936 act pertaining to the Virgin Islands :  |b report (to accompany S. 1829). 
264 1 |a [Washington, D.C.] :  |b [U.S. G.P.O.],  |c [2006] 
300 |a 5 pages ;  |c 24 cm. 
336 |a text  |b txt  |2 rdacontent 
337 |a unmediated  |b n  |2 rdamedia 
338 |a volume  |b nc  |2 rdacarrier 
490 1 |a Report / 109th Congress, 2d session, Senate ;  |v 109-236 
500 |a "April 20, 2006." 
500 |a Caption title. 
500 |a Distributed to some depository libraries in microfiche. 
500 |a Shipping list number: 2006-0227-P. 
500 |a Shipping list date: 07/10/2006 
530 |a Also available via Internet from the GPO Access web site. Addresses as of 7/14/06: http://frwebgate.access.gpo.gov/cgi-bin/getdoc.cgi?dbname=109%5Fcong%5Freports&docid=f:sr236.109 (text version), http://frwebgate.access.gpo.gov/cgi-bin/getdoc.cgi?dbname=109%5Fcong%5Freports&docid=f:sr236.pdf (PDF version); current access available via PURLs. 
650 0 |a Real property tax  |x Law and legislation  |z United States Virgin Islands. 
810 1 |a United States.  |b Congress.  |b Senate.  |t Report ;  |v 109-236. 
856 4 1 |3 Text version  |u https://purl.fdlp.gov/GPO/LPS71844  |t 0 
856 4 1 |3 PDF version  |u https://purl.fdlp.gov/GPO/LPS71846  |t 0 
999 |a MARS 
999 f f |s a88eaf00-da84-3a53-baf1-bda696893ee6  |i c1123aaa-7f3c-3f33-b471-df7716a8ed14  |t 0 
952 f f |a Texas A&M University  |b College Station  |c Electronic Resources  |d Available Online  |t 0  |e Y 1.1/5:109-236  |h Superintendent of Documents classification 
998 f f |a Y 1.1/5:109-236  |t 0  |l Available Online